00502 2200205 4500001002100000008004100021035002000062245005900082100002000141250000600161260003400167300001100201084001400212082000800226650001400234990001200248990001200260990001200272990001200284INLIS000000000000419 ind  a0010-0424000395 aMateri Ekonomi Volume 5; KewirausahaancAgung Feryanto aFeryanto, Agung a1 aKlaten :bCempaka Putihc2013 a60 hlm a330 AGU m a330 aNon Fiksi a0722480 a0722481 a0722482 a0722483